[Event "LIV Abierto Mexicano de Ajedrez"]
[Site "Aguascalientes MEX"]
[Date "2008.03.20"]
[Round "4"]
[White "Mitkov, N1"]
[Black "Nogueiras Santiago, J"]
[Result "1-0"]
[WhiteElo "2538"]
[BlackElo "2549"]
[EventDate "2008.03.18"]

1. d4 d5 2. Bf4 e6 3. e3 c5 4. Nf3 Nc6 5. c3 cxd4 6. exd4 Bd6 7. Bg3 Nge7 
8. Bd3 f6 9. O-O Bxg3 10. hxg3 O-O 11. Re1 Qd6 12. Nbd2 Bd7 13. c4 a5 14. 
Rc1 a4 15. a3 Ra7 16. Qc2 g6 17. Nb1 dxc4 18. Bxc4 Nf5 19. Rcd1 Nce7 20. 
Nc3 Nd5 21. Ne4 Qc6 22. Qe2 Nd6 23. Ba2 Nxe4 24. Qxe4 b6 25. Rc1 Qd6 26. 
Nd2 Re8 27. Qf3 Kg7 28. Ne4 Qe7 29. g4 Ra5 30. Nd2 Qf8 31. Nc4 Rb5 32. Qg3
Rd8 33. Rc2 Rc8 34. Rce2 Rc6 35. g5 fxg5 36. Ne5 Rd6 37. Bc4 Ra5 38. Qxg5 
Bc8 39. Re4 Nf6 40. Rh4 Kg8 41. Rf4 Kg7 42. Re3 Qd8 43. Ref3 1-0

[Event "Mitropa Cup m"]
[Site "Olbia ITA"]
[Date "2008.05.28"]
[Round "4"]
[White "Braun, A"]
[Black "Gonda, L"]
[Result "0-1"]
[WhiteElo "2529"]
[BlackElo "2509"]
[EventDate "2008.05.25"]

1. d4 d5 2. c4 c6 3. Nf3 Nf6 4. Nc3 e6 5. Bg5 Nbd7 6. cxd5 exd5 7. e3 Be7 
8. Bd3 O-O 9. Qc2 Re8 10. O-O Nf8 11. h3 Be6 12. Rab1 a5 13. Rfc1 N6d7 14.
 Bf4 Nb6 15. Na4 Nxa4 16. Qxa4 Nd7 17. Qc2 g6 18. Ne5 Nxe5 19. Bxe5 Bf8 
20. a3 Bd7 21. Bf4 a4 22. Qd1 Qf6 23. g4 Bd6 24. Bxd6 Qxd6 25. Qf3 f5 26. 
gxf5 Rf8 27. Qg3 Qxg3+ 28. fxg3 Bxf5 29. Bxf5 Rxf5 30. Rf1 Rxf1+ 31. Kxf1 
Ra6 32. b4 axb3 33. Rxb3 b5 34. Ke2 Kf7 35. Kd3 Ke6 36. e4 dxe4+ 37. Kxe4 
Ra4 38. Rc3 Kd6 39. h4 Ra7 40. Rf3 Re7+ 41. Kd3 Kd5 42. Rf8 Ra7 43. Rd8+ 
Ke6 44. Ke4 Rxa3 45. Rh8 h5 46. Kf4 Rd3 47. Re8+ Kd7 48. Re4 b4 49. d5 c5 
50. Re6 Rxd5 51. Rxg6 b3 52. Rb6 Rd4+ 0-1

[Event "Mitropa Cup m"]
[Site "Olbia ITA"]
[Date "2008.06.02"]
[Round "8"]
[White "Braun, A"]
[Black "Godena, M"]
[Result "1-0"]
[WhiteElo "2529"]
[BlackElo "2528"]
[EventDate "2008.05.25"]

1. d4 d5 2. c4 c6 3. Nf3 Nf6 4. Nc3 e6 5. Bg5 Nbd7 6. cxd5 exd5 7. e3 Qa5 
8. Bd3 Ne4 9. O-O Nxg5 10. Nxg5 Nf6 11. h3 h6 12. Nf3 Bb4 13. Qc2 O-O 14. 
Ne5 c5 15. a3 Bxc3 16. Qxc3 Qxc3 17. bxc3 Re8 18. Rfb1 Re7 19. Rb5 b6 20. 
Rb2 Ne8 21. a4 Nd6 22. a5 c4 23. Be2 b5 24. Bf3 Be6 25. Nc6 Rd7 26. Nb4 
Ne8 27. e4 Nf6 28. exd5 Bf5 29. Re1 Re8 30. Re5 Bg6 31. Rbe2 Kf8 32. g4 
Rc8 33. d6 Rxd6 34. Rxb5 Rd7 35. a6 Ne8 36. Rb7 Rcc7 37. Rb2 Nd6 38. Rb8+ 
Rc8 39. Nc6 Rc7 40. Rxc8+ Rxc8 41. Nxa7 Re8 42. Nc6 1-0

[Event "SPICE Cup"]
[Site "Lubbock USA"]
[Date "2008.09.25"]
[Round "6"]
[White "Harikrishna, P"]
[Black "Miton, K"]
[Result "1-0"]
[WhiteElo "2668"]
[BlackElo "2580"]
[EventDate "2008.09.19"]

1. d4 d5 2. c4 e6 3. Nc3 Be7 4. cxd5 exd5 5. Bf4 c6 6. e3 Bf5 7. g4 Be6 8.
 Bd3 Nd7 9. h3 Nb6 10. Qc2 Bd6 11. Nge2 Ne7 12. O-O-O g6 13. Kb1 Bxf4 14. 
exf4 Qd6 15. f5 gxf5 16. gxf5 Bd7 17. Ng3 Qf6 18. Nh5 Qh6 19. f6 Qxh5 20. 
Rhe1 Nc8 21. fxe7 Nd6 22. Qd2 Bf5 23. Bxf5 Qxf5+ 24. Ka1 Kd7 25. Re5 Qxh3 
26. Qf4 Rhg8 27. Rde1 Rae8 28. a3 Rg4 29. Qd2 Qh4 30. Nxd5 cxd5 31. Rxd5 
Rg6 32. Qb4 Rxe7 33. Qxb7+ Kd8 34. Qb8+ Kd7 35. Qxa7+ Ke8 36. Qb8+ Kd7 37.
 Rc1 Re8 38. Qc7+ 1-0

[Event "TCh-BIH"]
[Site "Neum BIH"]
[Date "2008.06.07"]
[Round "4"]
[White "Saric, Ib"]
[Black "Miladinovic, I"]
[Result "1/2-1/2"]
[WhiteElo "2548"]
[BlackElo "2579"]
[EventDate "2008.06.04"]

1. Nf3 d5 2. d4 Bf5 3. c4 e6 4. Nc3 Nc6 5. cxd5 exd5 6. Bf4 Bd6 7. Bg3 
Nce7 8. Qb3 Nf6 9. e3 O-O 10. Be2 c6 11. O-O Bxg3 12. hxg3 Qd6 13. Qxb7 
Rfb8 14. Qa6 Rxb2 15. Ne5 Ne8 16. Rfc1 f6 17. Nf3 Qb4 18. Bf1 Bc2 19. Nd1 
Bxd1 20. Rxd1 Nd6 21. Ne1 Qb7 22. Qxb7 Rxb7 23. Nd3 Ne4 24. Rdc1 Rab8 25. 
Be2 Kf7 26. g4 h6 27. Bd1 Rb6 28. Bb3 Ke8 29. Rc2 Nd6 30. Rac1 Nb7 31. Re1
Rd8 32. e4 dxe4 33. Rxe4 Nd6 34. Re1 Nc8 35. Nf4 Rxd4 36. Ne6 Rd6 37. 
Nxg7+ Kd7 38. Ne6 Rb5 39. Nc5+ Kc7 40. Ne4 Rd4 41. Nxf6 a5 42. Re4 Rxe4 
43. Nxe4 Nb6 44. g3 a4 45. Bf7 Rb4 46. f3 Nbd5 47. Kf2 a3 48. Bxd5 Nxd5 
49. Ke2 Rb1 50. Nd2 Rg1 51. Rc4 Rg2+ 52. Kd3 Rxg3 53. Ra4 Rg2 54. Rxa3 
Nb4+ 55. Kc3 Nd5+ 56. Kc2 Nb4+ 1/2-1/2

[Event "TCh-FRA Top 16 Gp B"]
[Site "Montpellier FRA"]
[Date "2008.04.11"]
[Round "5"]
[White "Marcelin, C"]
[Black "Ninov, N"]
[Result "1/2-1/2"]
[WhiteElo "2510"]
[BlackElo "2501"]
[EventDate "2008.04.10"]

1. d4 d5 2. c4 e6 3. Nc3 c6 4. cxd5 exd5 5. Bf4 Bd6 6. Bg3 Ne7 7. e3 O-O 
8. Bd3 Bf5 9. Nf3 Bxd3 10. Qxd3 Ng6 11. O-O-O f5 12. Bxd6 Qxd6 13. h4 Nd7 
14. Kb1 Rae8 15. Qc2 Ne7 16. Ne2 Nf6 17. Nf4 Ng4 18. Nd3 Ng6 19. Rde1 Re7 
20. g3 Rfe8 21. Re2 1/2-1/2

[Event "TCh-HUN 2008-9"]
[Site "Nagykanizsa HUN"]
[Date "2008.11.02"]
[Round "2"]
[White "Ivanisevic, I"]
[Black "Ruck, R1"]
[Result "1/2-1/2"]
[WhiteElo "2658"]
[BlackElo "2574"]
[EventDate "2008.10.26"]

1. d4 d5 2. c4 c6 3. Nc3 Nf6 4. e3 e6 5. Bd2 Nbd7 6. Rc1 Be7 7. cxd5 exd5 
8. Bd3 O-O 9. Nge2 Re8 10. O-O Nf8 11. f3 Ne6 12. Kh1 c5 13. dxc5 Bxc5 14.
 Nb5 a6 15. Nbd4 Qb6 16. Nf5 Bb4 17. Bb1 Bxd2 18. Qxd2 Nf8 19. Neg3 Bxf5 
20. Nxf5 g6 21. Nh6+ Kg7 22. e4 Rad8 23. Qg5 Qxb2 24. Rc2 1/2-1/2

[Event "TCh-SRB 1st League"]
[Site "Subotica SRB"]
[Date "2008.09.03"]
[Round "3"]
[White "Berkes, F"]
[Black "Svetushkin, D"]
[Result "1-0"]
[WhiteElo "2645"]
[BlackElo "2587"]
[EventDate "2008.09.01"]

1. d4 d5 2. c4 c6 3. Nf3 Nf6 4. Nc3 e6 5. Bg5 Nbd7 6. cxd5 exd5 7. e3 Be7 
8. Bd3 Nh5 9. Bxe7 Qxe7 10. O-O Nhf6 11. Qc2 O-O 12. Rab1 Re8 13. b4 Ne4 
14. b5 Nxc3 15. Qxc3 c5 16. Rfe1 b6 17. a4 a5 18. bxa6 Bxa6 19. Bf5 c4 20.
 Bxd7 Qxd7 21. Rxb6 Reb8 22. Rb4 Rxb4 23. Qxb4 Qc7 24. Qc3 Bc8 25. Ra1 Qa5
26. Qxa5 Rxa5 27. Ne5 Kf8 28. Kf1 f6 29. Nc6 Ra6 30. Nb4 Ra5 31. Ra3 Bd7 
32. Na2 Rxa4 33. Rxa4 Bxa4 34. Nb4 c3 35. Ke2 Bb5+ 36. Kd1 Ba4+ 37. Kc1 
Bb3 38. Nd3 Kf7 39. Nc5 Bc4 40. Kc2 Bf1 41. g3 g5 42. Kxc3 Kg6 43. Kd2 h5 
44. f3 Bg2 45. Ke2 Bh1 46. Kf2 g4 47. f4 f5 48. Ke2 h4 49. Kd3 hxg3 50. 
hxg3 Kf6 51. Kc3 Ke7 52. Kb4 Kd6 53. Kb5 Bf3 54. Kb6 Be2 55. Nb7+ Kd7 56. 
Kc5 Bf3 57. Nd6 Ke6 58. Kc6 1-0

[Event "XVI Open"]
[Site "Montcada i Reixac ESP"]
[Date "2008.07.02"]
[Round "8"]
[White "Peralta, Fe"]
[Black "Radulski, J"]
[Result "0-1"]
[WhiteElo "2546"]
[BlackElo "2514"]
[EventDate "2008.06.25"]

1. d4 d5 2. c4 e6 3. Nc3 Be7 4. cxd5 exd5 5. Bf4 Nf6 6. e3 O-O 7. Nf3 Bf5 
8. Qb3 Nc6 9. Rc1 Na5 10. Qa4 c6 11. Be2 b5 12. Qd1 Nc4 13. b3 Bb4 14. O-O
Nd6 15. Ne5 Rc8 16. Bd3 Nfe4 17. Nb1 g5 18. Bg3 Qe8 19. Bc2 Nxg3 20. hxg3 
f6 21. Bxf5 Nxf5 22. Nd3 Bd6 23. Qf3 Ng7 24. Nd2 f5 25. Qd1 Rf6 26. Nf3 
Ne6 27. Nfe5 Bxe5 28. Nxe5 Nf8 29. Qf3 Kg7 30. g4 Ng6 31. Nd3 Qe4 32. Qxe4
fxe4 33. Nb4 Ne7 34. Na6 Rh8 35. f3 exf3 36. Rxf3 Rxf3 37. gxf3 h5 38. 
gxh5 Rxh5 39. Nb4 Rh6 40. a4 bxa4 41. bxa4 Rf6 42. Kf2 Rf8 43. Rc5 g4 44. 
f4 Nf5 45. Nxc6 g3+ 46. Kf3 Rg8 47. Ne5 Kh6 48. Nf7+ Kh5 49. Ng5 Re8 50. 
Rxd5 Rxe3+ 51. Kg2 Kg4 52. Re5 Nh4+ 53. Kg1 Rd3 54. Re1 Rxd4 0-1

[Event "XXI Carlos Torre KO"]
[Site "Merida MEX"]
[Date "2008.12.18"]
[Round "2.1"]
[White "Ehlvest, J"]
[Black "Bruzon Batista, L"]
[Result "1/2-1/2"]
[WhiteElo "2581"]
[BlackElo "2622"]
[EventDate "2008.12.17"]

1. d4 d5 2. c4 c6 3. Nf3 Nf6 4. e3 Bg4 5. Nc3 e6 6. Bd2 Nbd7 7. cxd5 exd5 
8. h3 Bh5 9. g4 Bg6 10. Nh4 Bb4 11. Nxg6 hxg6 12. Bd3 Qe7 13. Qb3 a5 14. 
O-O-O O-O 15. Kb1 b5 16. g5 Nh5 17. h4 Nb6 18. Qc2 Nc4 19. Bc1 a4 20. Ne2 
Rfc8 21. Nf4 a3 22. b3 Nb2 23. Nxh5 gxh5 24. g6 Nxd3 25. Qxd3 c5 26. Qf5 
fxg6 27. Qxd5+ Kh7 28. dxc5 Ra6 29. Rd4 Rxc5 30. Qe4 Re6 31. Qg2 Rec6 32. 
Qe4 Qc7 33. Rdd1 Bc3 34. Bxa3 b4 1/2-1/2

[Event "XXIV Open"]
[Site "Cappelle La Grande FRA"]
[Date "2008.02.18"]
[Round "4"]
[White "Brodsky, M"]
[Black "Kanep, M"]
[Result "0-1"]
[WhiteElo "2572"]
[BlackElo "2523"]
[EventDate "2008.02.16"]

1. d4 Nf6 2. c4 e6 3. Nc3 d5 4. cxd5 exd5 5. Bg5 c6 6. e3 Be7 7. Bd3 Nbd7 
8. Nge2 O-O 9. Qc2 Re8 10. O-O Nf8 11. f3 h6 12. Bh4 Ne6 13. Rad1 b5 14. 
Kh1 Bb7 15. Bf5 Ng5 16. Rfe1 Qa5 17. Nc1 Bc8 18. Bd3 Bd7 19. Nb3 Qb6 20. 
Bf2 a5 21. e4 dxe4 22. Nxe4 Nd5 23. a3 Rad8 24. Nbc5 Bc8 25. Qc1 a4 26. 
Bb1 Ne6 27. Qc2 Nf8 28. Nd3 Bf5 29. Ne5 Rc8 30. Qd2 Be6 31. Nc5 Bxc5 32. 
dxc5 Qa7 33. Bd4 f6 34. Nd3 Bf5 35. Ba2 Bxd3 36. Qxd3 Rxe1+ 37. Rxe1 Rd8 
38. Bf2 Kf7 39. Qe2 Qd7 40. Rd1 Qe7 41. Qc2 Ne6 42. Re1 Qa7 43. Bb1 Nf8 
44. Bg3 Re8 45. Rxe8 Kxe8 46. Bd6 Kf7 47. Qd2 Qd7 48. h3 Qe6 49. Ba2 Nd7 
50. Qa5 Kg6 51. Qd2 Kf7 52. Kh2 Ne5 53. Qd4 Ke8 54. Qe4 Kd7 55. Bb1 Nc4 
56. Qg6 Nxd6 57. cxd6 Qxd6+ 58. Kh1 Ne7 59. Qg4+ Kd8 60. Bh7 g5 61. Qh5 
Qe5 62. Qxh6 Qxb2 63. Qf8+ Kd7 64. Qf7 Qxa3 65. Bf5+ Kc7 66. Bg4 Qa1+ 67. 
Kh2 Qe5+ 68. Kh1 a3 69. Be6 Kd6 70. Bb3 c5 71. Qf8 c4 72. Qb8+ Kc5 73. 
Qa7+ Kb4 74. Bc2 Nc6 75. Qa8 Qc5 76. Be4 Na5 77. Qd8 Nb3 0-1

[Event "XXIV Open"]
[Site "Cappelle La Grande FRA"]
[Date "2008.02.23"]
[Round "9"]
[White "L'Ami, E"]
[Black "Moroz, A"]
[Result "1-0"]
[WhiteElo "2581"]
[BlackElo "2512"]
[EventDate "2008.02.16"]

1. d4 d5 2. c4 e6 3. Nc3 Be7 4. cxd5 exd5 5. Bf4 c6 6. e3 Bf5 7. g4 Be6 8.
 Bd3 Nd7 9. h3 Nf8 10. Nf3 Ng6 11. Bg3 Bd6 12. Rg1 N8e7 13. Qc2 Bxg3 14. 
Rxg3 Qd7 15. O-O-O h5 16. Rdg1 hxg4 17. hxg4 O-O-O 18. Ng5 Nh4 19. Kb1 f6 
20. Nxe6 Qxe6 21. b4 Kb8 22. Ka1 f5 23. gxf5 Nhxf5 24. Rg6 Qf7 25. Bxf5 
Qxf5 26. Qxf5 Nxf5 27. b5 Rh6 28. bxc6 bxc6 29. R6g5 Rf6 30. Na4 Rd7 31. 
Nc5 Re7 32. Nd3 Kc7 33. Kb2 Kd8 34. Kc2 Rb7 35. Rh5 Nh6 36. Rg2 Ke8 37. 
Re5+ Kd8 38. Nf4 Rbf7 39. Reg5 Nf5 40. Kd3 Rh6 41. Ng6 Kc7 42. Ne5 Rf8 43.
 Rg1 Re6 44. Rc1 Rff6 45. f3 Rd6 46. Rg2 Rd8 47. Rb2 Re6 48. a4 Rde8 49. 
a5 Rxe5 50. dxe5 Rxe5 51. e4 dxe4+ 52. fxe4 Kd6 53. Rbc2 Rxa5 54. Rxc6+ 
Kd7 55. R1c5 Ra3+ 56. Rc3 Rxc3+ 57. Rxc3 Kd6 58. Rc5 a6 59. Ra5 Ke6 60. 
Rxa6+ Ke5 1-0

[Event "ch-BLR"]
[Site "Minsk BLR"]
[Date "2008.01.12"]
[Round "3"]
[White "Zhigalko, A"]
[Black "Teterev, V"]
[Result "1/2-1/2"]
[WhiteElo "2556"]
[BlackElo "2507"]
[EventDate "2008.01.10"]

1. d4 Nf6 2. c4 e6 3. Nc3 d5 4. cxd5 exd5 5. Bg5 Be7 6. e3 c6 7. Qc2 Nbd7 
8. Bd3 g6 9. Nf3 Nf8 10. h3 Ne6 11. Bh6 Ng8 12. Bf4 Nxf4 13. exf4 Bd6 14. 
f5 Bxf5 15. Bxf5 gxf5 16. Qxf5 1/2-1/2

[Event "16th TCh-RUS HL"]
[Site "Dagomys RUS"]
[Date "2009.04.08"]
[Round "7"]
[White "Makarov, M"]
[Black "Drozdovskij, Y"]
[Result "0-1"]
[WhiteElo "2511"]
[BlackElo "2603"]
[EventDate "2009.04.02"]

1. d4 Nf6 2. c4 e6 3. Nf3 d5 4. Nc3 Bb4 5. Bg5 Nbd7 6. cxd5 exd5 7. Rc1 c6
8. e3 Qa5 9. a3 Bxc3+ 10. bxc3 Qxa3 11. Bd3 O-O 12. O-O Ne4 13. Bxe4 dxe4 
14. Nd2 Qd6 15. f3 Qg6 16. Bh4 exf3 17. Rxf3 f6 18. e4 b6 19. Bg3 Bb7 20. 
Nc4 c5 21. Rf4 f5 22. e5 Qc6 23. Ne3 g5 24. d5 Qg6 25. Rf3 f4 26. Nc4 fxg3
27. Rxg3 Ba6 28. h4 Bxc4 29. Qd2 g4 30. Re1 Rae8 31. e6 Nf6 32. e7 Rf7 33.
 d6 Nd7 34. Rge3 Rf6 35. Rd1 g3 36. h5 Qg5 0-1

[Event "25th Open"]
[Site "Cappelle la Grande FRA"]
[Date "2009.03.01"]
[Round "2"]
[White "Hebden, M"]
[Black "Graf, A"]
[Result "0-1"]
[WhiteElo "2522"]
[BlackElo "2643"]
[EventDate "2009.02.28"]

1. d4 Nf6 2. Nf3 d5 3. c4 e6 4. Bg5 Be7 5. Nc3 O-O 6. e3 Nbd7 7. Rc1 Re8 
8. cxd5 exd5 9. Bd3 c6 10. O-O Ne4 11. Bf4 Ndf6 12. Ne5 Bf5 13. Na4 Bg6 
14. h3 Bf8 15. a3 Nd7 16. Nxg6 hxg6 17. b4 b5 18. Nc3 Nef6 19. a4 a6 20. 
Qb3 Qe7 21. Na2 Rac8 22. a5 Ne4 23. Bxe4 dxe4 24. f3 exf3 25. Rxf3 Qe6 26.
 Qxe6 fxe6 27. Bg3 e5 28. Rc2 exd4 29. exd4 Nf6 30. Be5 Nd5 31. Rcf2 Be7 
32. Rb2 c5 33. bxc5 Bxc5 34. dxc5 Rxe5 35. Rc2 Ne3 36. Re2 Nc4 37. Rxe5 
Nxe5 38. Rg3 Rxc5 39. Nb4 Rc1+ 40. Kh2 Nc6 41. Nxa6 b4 42. Rg5 b3 43. Rb5 
Nxa5 44. h4 Kf7 45. Nb8 Ke6 46. Kg3 Kd6 47. Na6 Kc6 48. Rb8 Rc3+ 49. Kf4 
Nc4 50. Nb4+ Kc5 51. Na6+ Kd6 52. Rd8+ Ke7 53. Rb8 b2 0-1

[Event "25th Open"]
[Site "Cappelle la Grande FRA"]
[Date "2009.03.06"]
[Round "8"]
[White "Korobov, A"]
[Black "Danielian, O"]
[Result "1/2-1/2"]
[WhiteElo "2613"]
[BlackElo "2519"]
[EventDate "2009.02.28"]

1. d4 e6 2. c4 d5 3. Nc3 Be7 4. cxd5 exd5 5. Bf4 Nf6 6. e3 O-O 7. Bd3 c6 
8. h3 Re8 9. Nf3 Nbd7 10. O-O Nf8 11. Ne5 N6d7 12. Qc2 Bf6 13. Ng4 Bg5 14.
 Bh2 Nb6 15. Ne5 Be7 16. f4 f6 17. Nf3 c5 18. Qf2 c4 19. Bc2 Bb4 20. f5 
Bd7 21. Rac1 Bc6 22. g4 Bd6 23. Rce1 Nc8 24. h4 Bxh2+ 25. Kxh2 Nd6 26. g5 
Ne4 27. Qg2 Qd6+ 28. Kg1 Nxc3 29. bxc3 Kh8 30. Kh1 Nd7 31. Rg1 Re7 32. 
gxf6 gxf6 33. Re2 Qb8 34. Qg4 Qg8 35. Qf4 Rg7 36. Rxg7 Qxg7 37. Rg2 Qf7 
38. Ng1 Rg8 39. Ne2 Rxg2 40. Kxg2 Kg8 41. Kf2 Qe7 42. h5 Qa3 43. Qg3+ Kf7 
44. Bb1 Qb2 45. Qg1 h6 46. Kf3 Ke7 47. Qe1 Nf8 48. Qg1 Nd7 49. Qe1 Nf8 50.
 Qg1 Nh7 51. Qg7+ Ke8 52. Qxh7 Qxb1 53. Qg7 1/2-1/2

[Event "5th Open"]
[Site "Sort ESP"]
[Date "2009.06.29"]
[Round "6"]
[White "Barsov, A"]
[Black "Teske, H"]
[Result "0-1"]
[WhiteElo "2505"]
[BlackElo "2523"]
[EventDate "2009.06.24"]

1. d4 d5 2. c4 e6 3. Nc3 Nf6 4. Bg5 Nbd7 5. cxd5 exd5 6. e3 Be7 7. Bd3 c6 
8. Nge2 Nf8 9. Qc2 Ne6 10. Bh4 g6 11. f3 O-O 12. O-O b6 13. Kh1 Bb7 14. 
Rad1 Rc8 15. a3 Qd7 16. Bf2 c5 17. dxc5 bxc5 18. Bc4 Rfd8 19. Bh4 g5 20. 
Bg3 Qc6 21. Ba2 g4 22. Be5 gxf3 23. gxf3 d4 24. exd4 cxd4 25. Nxd4 Nxd4 
26. Rxd4 Rxd4 27. Bxd4 Bc5 28. Qd2 Bxd4 29. Qxd4 Qb6 30. Qf4 Kh8 31. Bxf7 
Rf8 32. Rg1 Qd8 33. Be6 0-1

[Event "68th ch-GEO"]
[Site "Tbilisi GEO"]
[Date "2009.01.18"]
[Round "2"]
[White "Pantsulaia, L"]
[Black "Mchedlishvili, M"]
[Result "1/2-1/2"]
[WhiteElo "2583"]
[BlackElo "2619"]
[EventDate "2009.01.17"]

1. d4 d5 2. Nf3 Nf6 3. c4 e6 4. Nc3 Be7 5. cxd5 exd5 6. Bg5 c6 7. e3 Bf5 
8. Bd3 Bxd3 9. Qxd3 Nbd7 10. O-O O-O 11. h3 Re8 12. Qc2 Nf8 13. Rad1 a5 
14. Bf4 1/2-1/2

[Event "80th ch-GER"]
[Site "Saarbruecken GER"]
[Date "2009.02.11"]
[Round "6"]
[White "Baramidze, D"]
[Black "Buhmann, R"]
[Result "1/2-1/2"]
[WhiteElo "2548"]
[BlackElo "2565"]
[EventDate "2009.02.06"]

1. c4 e6 2. Nc3 d5 3. d4 Nf6 4. cxd5 exd5 5. Bg5 Nbd7 6. e3 Be7 7. Bd3 O-O
8. Nge2 Re8 9. O-O Nf8 10. Qc2 c6 11. a3 a5 12. Rae1 Nh5 13. Bxe7 Qxe7 14.
 Rb1 g6 15. b4 Ng7 16. bxa5 Rxa5 17. a4 Bf5 18. Nc1 Ra7 19. Nb3 Bxd3 20. 
Qxd3 Nf5 21. Nd2 Nd6 1/2-1/2

[Event "8th Asian Continental Open"]
[Site "Subic Bay PHI"]
[Date "2009.05.22"]
[Round "10"]
[White "Ghaem Maghami, E"]
[Black "Tu Hoang Thong"]
[Result "1-0"]
[WhiteElo "2593"]
[BlackElo "2506"]
[EventDate "2009.05.13"]

1. c4 e6 2. Nc3 d5 3. d4 Nf6 4. Nf3 Nbd7 5. cxd5 exd5 6. Bf4 c6 7. e3 Be7 
8. h3 O-O 9. Bd3 Re8 10. O-O Nf8 11. Bh2 Ng6 12. Ne5 Bb4 13. Qc2 Bd6 14. 
f4 Nf8 15. Rae1 Bb4 16. f5 Bd7 17. Qb3 Qb6 18. Rc1 Bd6 19. Kh1 Qxb3 20. 
axb3 Bc8 21. Rf3 Rd8 22. g4 h6 23. Rg1 Ne8 24. e4 Bc7 25. exd5 cxd5 26. h4
Bb6 27. Ne2 Nd6 28. g5 h5 29. Rf4 Ne4 30. g6 fxg6 31. Rxe4 dxe4 32. Bc4+ 
Kh7 33. fxg6+ Nxg6 34. Rxg6 Bf5 35. Rg5 g6 36. Nf7 Rf8 37. Be5 Rac8 38. 
Rg3 Bd8 39. Nxd8 Rfxd8 40. Nc3 a6 41. Bf1 b5 42. Re3 Rf8 43. Bg2 b4 44. 
Nxe4 Bxe4 45. Bxe4 Rf2 46. Re1 Rxb2 47. Rg1 Rg8 48. Rg5 1-0

[Event "Baroque Chess Festival"]
[Site "Buchen GER"]
[Date "2009.12.30"]
[Round "6"]
[White "Hera, I"]
[Black "Stojanovic, Mih"]
[Result "1-0"]
[WhiteElo "2570"]
[BlackElo "2585"]
[EventDate "2009.12.26"]

1. d4 d5 2. c4 e6 3. Nc3 Nf6 4. cxd5 exd5 5. Bg5 Be7 6. e3 O-O 7. Bd3 Nbd7
8. Nf3 c6 9. Qc2 Re8 10. h3 Nf8 11. O-O Be6 12. Rab1 N6d7 13. Bxe7 Qxe7 
14. b4 Rac8 15. Na4 Rc7 16. Rfc1 Rec8 17. Nc5 g6 18. a4 Qf6 19. Nd2 Qg5 
20. Kh2 Qh4 21. Nf3 Qf6 22. a5 Kg7 23. a6 b6 24. Nb7 h5 25. Qd2 Nh7 26. 
Nd6 Ra8 27. e4 dxe4 28. Nxe4 Qe7 29. Re1 Rd8 30. Qf4 Ndf8 31. Rbc1 Rcc8 
32. b5 c5 33. Bb1 cxd4 34. Nxd4 Bd5 35. Nd6 Qxd6 36. Qxd6 Rxd6 37. Rxc8 
Bxg2 38. Rd1 Bd5 39. Nc6 Ng5 40. h4 Nf3+ 41. Kg3 g5 42. Ne7 gxh4+ 43. Kf4 
Ne6+ 44. Ke3 Ned4 45. Nxd5 Rxd5 46. Be4 Nf5+ 47. Kxf3 Rxd1 48. Bxf5 Rd5 
49. Be4 Rxb5 50. Rc7 Rb3+ 51. Kg2 h3+ 52. Kh2 Ra3 53. Rxa7 Kh6 54. Rxf7 
Rxa6 55. f4 h4 56. Rh7# 1-0

[Event "GM"]
[Site "Ostrava CZE"]
[Date "2009.05.05"]
[Round "3"]
[White "Hracek, Z"]
[Black "Azarov, S"]
[Result "1-0"]
[WhiteElo "2604"]
[BlackElo "2618"]
[EventDate "2009.05.03"]

1. d4 Nf6 2. c4 e6 3. Nc3 d5 4. cxd5 exd5 5. Bg5 Nbd7 6. e3 Be7 7. Bd3 O-O
8. Nge2 Re8 9. O-O c6 10. Qc2 Nf8 11. f3 Be6 12. Rad1 Rc8 13. Bh4 N6d7 14.
 Bf2 a6 15. a3 c5 16. dxc5 Bxc5 17. Nf4 Bd6 18. Qd2 Qc7 19. Ncxd5 Bxd5 20.
 Nxd5 Bxh2+ 21. Kh1 Qd6 22. Bf5 Bg3 23. e4 Bxf2 24. Rxf2 Rcd8 25. Qg5 h6 
26. Qh4 Ne5 27. Rfd2 Nc6 28. f4 Qb8 29. e5 Rxd5 30. Rxd5 Ne7 31. Bd7 Nfg6 
32. Qg4 Nxd5 33. Bxe8 Ngxf4 34. Qd7 Qxe5 35. Bxf7+ Kh7 36. Qe8 Qxe8 37. 
Bxe8 Nf6 38. Ba4 g5 39. Rd6 Kg7 40. Rb6 Ne4 41. Rxb7+ Kf6 42. Rb6+ Ke5 43.
 Rxh6 Ne2 44. g3 N2xg3+ 45. Kg2 Nf5 46. Rxa6 Kf4 47. Bc6 Ne3+ 48. Kg1 Nc5 
49. Ra5 Nd3 50. Ra4+ Kg3 51. Re4 Nd1 52. b4 1-0

[Event "Open"]
[Site "Albena BUL"]
[Date "2009.06.25"]
[Round "6"]
[White "Chatalbashev, B"]
[Black "Mirzoev, A"]
[Result "1/2-1/2"]
[WhiteElo "2571"]
[BlackElo "2559"]
[EventDate "2009.06.20"]

1. c4 e6 2. d4 d5 3. Nc3 Nf6 4. cxd5 exd5 5. Bg5 c6 6. e3 Be7 7. Bd3 Bg4 
8. Nge2 Bh5 9. Qb3 Qb6 10. Bxf6 Bxf6 11. Nf4 Bg6 12. Nxg6 hxg6 13. Qc2 Nd7
14. O-O-O Qa5 15. Kb1 O-O-O 16. Rc1 1/2-1/2

[Event "Paul Keres Mem Men"]
[Site "Tallinn EST"]
[Date "2009.01.10"]
[Round "2"]
[White "Lugovoi, A"]
[Black "Sveshnikov, E"]
[Result "1/2-1/2"]
[WhiteElo "2531"]
[BlackElo "2535"]
[EventDate "2009.01.10"]

1. d4 d5 2. c4 e6 3. Nc3 Nf6 4. Bg5 c6 5. e3 Nbd7 6. cxd5 exd5 7. Bd3 Be7 
8. Qc2 h6 9. Bf4 Nh5 10. Bg3 Nxg3 11. hxg3 Nf6 12. Nf3 Be6 13. Ne5 Ng4 14.
 Nxg4 Bxg4 15. Bf5 Bxf5 16. Qxf5 Qd7 17. Qd3 O-O 18. O-O 1/2-1/2

[Event "Richard Riordan GM Rapid"]
[Site "Natanya ISR"]
[Date "2009.07.13"]
[Round "6"]
[White "Golod, V"]
[Black "Eljanov, P"]
[Result "1/2-1/2"]
[WhiteElo "2599"]
[BlackElo "2716"]
[EventDate "2009.07.12"]

1. d4 Nf6 2. c4 e6 3. Nc3 d5 4. cxd5 exd5 5. Bg5 Be7 6. e3 c6 7. Bd3 Nbd7 
8. Nf3 Nh5 9. Bxe7 Qxe7 10. O-O O-O 11. Qc2 g6 12. Rab1 Nb6 13. Rfe1 Ng7 
14. b4 a6 15. e4 dxe4 16. Nxe4 Ne6 17. Nc5 Qf6 18. Rbd1 Nf4 19. Ne5 Nxd3 
20. Qxd3 Qg7 21. a4 f6 22. Nc4 Bf5 23. Qb3 Nxc4 24. Qxc4+ Qf7 25. Qxf7+ 
Rxf7 26. d5 1/2-1/2

[Event "XI Open"]
[Site "Salou ESP"]
[Date "2009.05.12"]
[Round "8"]
[White "Lemos, D"]
[Black "Burmakin, V"]
[Result "1/2-1/2"]
[WhiteElo "2511"]
[BlackElo "2605"]
[EventDate "2009.05.05"]

1. d4 Nf6 2. c4 e6 3. Nc3 d5 4. cxd5 exd5 5. Bg5 c6 6. e3 Be7 7. Bd3 Bg4 
8. Nge2 Bh5 9. O-O Bg6 10. Bxf6 Bxf6 11. b4 a6 12. a4 Qd6 13. Rb1 Nd7 14. 
b5 axb5 15. axb5 O-O 16. bxc6 bxc6 17. Bxg6 hxg6 18. Qc2 1/2-1/2

[Event "XXVII Open"]
[Site "Metz FRA"]
[Date "2009.04.13"]
[Round "4"]
[White "Savchenko, S"]
[Black "Agrest, E"]
[Result "1/2-1/2"]
[WhiteElo "2529"]
[BlackElo "2588"]
[EventDate "2009.04.11"]

1. Nf3 d5 2. d4 Nf6 3. c4 c6 4. Nc3 e6 5. Bg5 Nbd7 6. cxd5 exd5 7. e3 Be7 
8. Bd3 O-O 9. Qc2 Re8 10. O-O Nf8 11. h3 Be6 12. Rab1 a5 13. Rbe1 N6d7 14.
 Bxe7 Qxe7 15. Nd2 Qd6 16. f4 f6 17. Nf3 Rab8 18. Qf2 b5 19. g4 b4 20. Na4
Re7 21. Rc1 Bf7 22. Rfe1 Ree8 23. Nh4 g6 24. Nf3 Ne6 25. b3 g5 26. f5 Nd8 
27. Nd2 Kg7 28. Nf1 h5 29. Qh2 Qxh2+ 30. Kxh2 hxg4 31. hxg4 Nf8 1/2-1/2

[Event "ch-CUB"]
[Site "Las Tunas CUB"]
[Date "2009.01.28"]
[Round "9"]
[White "Bruzon Batista, L"]
[Black "Gonzalez Vidal, Y"]
[Result "1/2-1/2"]
[WhiteElo "2617"]
[BlackElo "2507"]
[EventDate "2009.01.20"]

1. d4 d5 2. c4 e6 3. Nc3 Nf6 4. cxd5 exd5 5. Bg5 Be7 6. e3 O-O 7. Bd3 c6 
8. Qc2 Nbd7 9. Nf3 Re8 10. O-O Nf8 11. h3 1/2-1/2

[Event "ch-LTU"]
[Site "Vilnius LTU"]
[Date "2009.05.06"]
[Round "6"]
[White "Kveinys, A"]
[Black "Zagorskis, D"]
[Result "1/2-1/2"]
[WhiteElo "2534"]
[BlackElo "2514"]
[EventDate "2009.05.02"]

1. d4 Nf6 2. c4 e6 3. Nf3 d5 4. Nc3 Nbd7 5. cxd5 exd5 6. Bg5 Be7 7. e3 c6 
8. Bd3 O-O 9. Qc2 Re8 10. h3 Nf8 11. Bf4 Bd6 12. Bxd6 Qxd6 13. O-O-O 
1/2-1/2